[Event "SH-ch Seniors op"]
[Site "Eckernfoerde"]
[Date "2012.10.05"]
[Round "7.5"]
[White "Kruencke, Manfred"]
[Black "Kollberg, Lothar"]
[Result "1/2-1/2"]
[WhiteElo "2064"]
[BlackElo "2219"]
[PlyCount "38"]
[EventDate "2012.09.29"]
[EventType "swiss"]
[EventRounds "7"]
[EventCountry "GER"]
[SourceTitle "EXT 2022"]
[Source "ChessBase"]
[SourceDate "2021.10.06"]
[SourceVersion "1"]
[SourceVersionDate "2021.10.06"]
[SourceQuality "1"]

1. e4 g6 2. Nf3 Bg7 3. d4 d6 4. Bc4 Nf6 5. Qe2 c6 6. 0-0 0-0 7. e5 Nd5 8. h3 a5 9. Re1 dxe5 10. dxe5 Be6 11. Ng5 b5 12. Bd3 Qc8 13. c4 bxc4 14. Bxc4 h6 15. Nxe6 Qxe6 16. Nd2 Nd7 17. Nf3 N7b6 18. Bd2 Rfc8 19. Rac1 c5 1/2-1/2